000 01112nam a2200253Ia 4500
003 IN-BaIIA
008 211028s9999 xx 000 0 eng d
020 _a0-7354-0213-2
040 _cIIA Library
080 _a524.3(082.2)
_bEQA
111 _aConference on Equation-of-State and Phase-Transition Issues in Models of Ordinary Astrophysical Matter
_cThe Netherlands
_d2004 June 2 -11
_929405
245 0 _aEquation-of-state and phase-transition issues in models of ordinary astrophysical matter
_bproceedings of the conference held in Leiden,The Netherlands, 2 - 11 June 2004
_cedited by Vladan Celebonovic, Werner Dappen and Douglas Gough
260 _aMelville
_bAmerican Institute of Physics
_c2004
300 _ax, 312p.
490 _aAIP conference proceedings; v. 731
650 _aAstronomical matter
_929406
650 _aSolar system
650 _aStars
700 _aCelebonovic, Vladan, ed.
_929407
700 _aDappen, Werner, ed.
_929408
700 _aGough, Douglas, ed.
_929329
710 _aAmerican Institute of Physics
_92416
942 _cBK
999 _c15931
_d15931